Food for all : the contribution of the fertilizer and crop protection industries.
Guardado en:
| Autores Corporativos: | , |
|---|---|
| Formato: | Libro |
| Idioma: | English |
| Publicado: |
Paris : Brussels :
IFA ; GCPF,
[1997]
|
| Etiquetas: |
Agregar Etiqueta
Sin Etiquetas, Sea el primero en etiquetar este registro!
|
| LEADER | 00558nam a22001575a 4500 | ||
|---|---|---|---|
| 001 | EEA.libagro005513 | ||
| 005 | 20161014101049.0 | ||
| 008 | 130809s1997####fr#a##########000#0#eng#d | ||
| 082 | 0 | 4 | |a 338.16 |
| 082 | 0 | 4 | |a 641.3 |
| 245 | 0 | 0 | |a Food for all : |b the contribution of the fertilizer and crop protection industries. |
| 260 | |a Paris : |b IFA ; |a Brussels : |b GCPF, |c [1997] | ||
| 300 | |a 18 p. : |b il. ; |c 21 cm. | ||
| 710 | 2 | |a Global Crop Protection Federation. | |
| 710 | 2 | |a International Fertilizer Industry Association. | |
| 859 | |a AR-BbBCA |b BIB. AGRONOMIA |h 338.16 |i I23 |p 1997/2827 | ||
